| 000 | 00661nam a2200193Ii 4500 | ||
|---|---|---|---|
| 003 | JO-AjNU | ||
| 008 | 230605s9999||||xx |||||||||||||| ||und|| | ||
| 040 |
_aJO-AjNU _bara _erda _cJO-AjNU |
||
| 041 | _aara | ||
| 050 | 1 | 4 | _aB945 .S2 1968 |
| 100 | 3 |
_aسنتيانا،جورج ، لجنة من الاساتذة الجامعيين /ترجمة, _eauthor _915092 |
|
| 245 | 0 | 0 | _aمولد الفكر وبحوث فلسفية اخرى |
| 264 | 3 | 1 | _aبيروت:دار الافاق الجديدة ، 1968 |
| 300 | _a165ص | ||
| 336 |
_atext _btxt _2rdacontent |
||
| 337 |
_aunmediated _bn _2rdamedia |
||
| 338 |
_avolume _bnc _2rdacarrier |
||
| 650 | 4 |
_aفلسفة _915093 |
|
| 999 |
_aA4181 _c7749 _d7749 |
||